000 00584nam a2200229Ia 4500
003 OSt
005 20220924144441.0
006 a|||||r|||| 00| 0
007 ta
008 220923b |||||||| |||| 00| 0 urd d
024 _a314548
037 _cTextual
040 _aARTS
_cARTS
_burd
041 _2urd
_aurd
082 _aO168,1N21x, L6
100 _aKanwal Kunwar Lal Sharma
_9217647
245 0 _aBarg-o-baad
260 _c1976
650 _aURDU POETRY
942 _hO168,1N21x, L6
_cTEXL
_2CC
999 _c457098
_d457098